Código penal de la República Argentina /

Guardado en:
Formato: Libro
Idioma:Spanish
Publicado: Buenos Aires : Erreius, 2018
Edición:1a. ed.
Materias:
Etiquetas: Agregar Etiqueta
Sin Etiquetas, Sea el primero en etiquetar este registro!
LEADER 00645nam a22001935a 4500
001 DER.der013575
008 180615s2018####ag#||||||||||||||#||spa||
005 20240902082635.0
245 1 0 |a Código penal de la República Argentina /  |c Argentina. 
250 |a 1a. ed. 
260 |a Buenos Aires :  |b Erreius,  |c 2018 
300 |a 606 p. 
020 |a 9789874405326 
240 1 0 |a Argentina - Códigos 
650 7 |a DERECHO PENAL 
859 |a DERECHO  |b BIB. DERECHO  |h 348.023  |i COD  |p 008585 
859 |a DERECHO  |b BIB. DERECHO  |h 348.023  |i COD  |p 008586  |t 1 
859 |a DERECHO  |b BIB. DERECHO  |h 348.023  |i COD  |p 008837  |t 2 
859 |a DERECHO  |b BIB. DERECHO  |h 348.023  |i COD  |p 008838  |t 3